000 00823nam a2200229 i 4500
001 bg
100 1 _aTOMKIEWICZ, Juljan
245 1 0 _aSpółki z ograniczoną odpowiedzialnością :
_bkodeks handlowy Art. /
_coprac. Julian Tomkiewicz, Józef Bloch
_n158-306 i 491-497,
_pkomentarz wraz z uzasadnieniem Komisji Kodyfikacyjnej i orzecznictwem.
260 _aWarszawa :
_bSezam,
_c1996.
300 _aXII, [2], 322 s. ;
_c21 cm.
500 _aWyd. offsetowe, oryg.: Warszawa : nakł. Księgarni F. Hoesicka, 1934.
504 _aIndeks.
650 9 _aSpółki z ograniczoną odpowiedzialnością
_xprawo
_zPolska
700 1 _aBLOCH, Józef
020 _a8390016230
040 _cBPK
041 0 _apl
080 _a347.724(438)
920 _a83-900162-3-0
942 _cKS
008 s pl f |000 0 pol
999 _c32970
_d32970
856 _uhttp://koha.tu.koszalin.pl/cgi-bin/koha/opac-detail.pl?biblionumber=32970
_yKatalog online BPK